| 000 | 00356nam a2200109Ia 4500 | ||
|---|---|---|---|
| 008 | 171204s9999 xx 000 0 und d | ||
| 245 | _aPOS Business Application Software: Inventory POS Accounts Receivable: | ||
| 245 | _cSteve McClure | ||
| 260 | _c2016 | ||
| 650 | _xBUSINESS SOFTWARE APPLICATION | ||
| 856 | _uhttp://down.ebook777.com/034/9781536965735.pdf | ||
| 999 |
_c345667 _d345667 |
||